[Event "Noale Szabados Memorial-B 1st"]
[Site "Noale"]
[Date "2008.02.08"]
[Round "1"]
[White "Massarotto, Gianmarco"]
[Black "Castellano, Alfonso"]
[Result "0-1"]
[WhiteElo "1446"]
[BlackElo "1936"]
[PlyCount "44"]
[EventDate "2008.02.08"]
[EventType "swiss"]
[EventRounds "5"]
[EventCountry "ITA"]
[SourceTitle "EXT 2022"]
[Source "ChessBase"]
[SourceDate "2021.10.06"]
[SourceVersion "1"]
[SourceVersionDate "2021.10.06"]
[SourceQuality "1"]

1. Nf3 Nf6 2. g3 c6 3. d3 d5 4. Bg2 Nbd7 5. 0-0 e5 6. Nbd2 Bd6 7. e4 0-0 8. Nh4 Re8 9. Nf5 Bf8 10. c3 Nb6 11. Ne3 Be6 12. f4 d4 13. cxd4 Qxd4 14. Nb3 Bxb3 15. Qxb3 Rad8 16. Rd1 exf4 17. gxf4 Ng4 18. Re1 Bc5 19. Kh1 Nf2+ 20. Kg1 Nxd3 21. Rd1 Nc4 22. Rxd3 Qxd3 0-1

[Event "Treviso TWE op-B 30th"]
[Site "Treviso"]
[Date "2006.12.10"]
[Round "5.18"]
[White "Caruso, Gaetano"]
[Black "Massarotto, Gianmarco"]
[Result "1/2-1/2"]
[WhiteElo "1580"]
[BlackElo "1401"]
[PlyCount "53"]
[EventDate "2006.12.08"]
[EventType "swiss"]
[EventRounds "5"]
[EventCountry "ITA"]
[SourceTitle "EXT 2024"]
[Source "ChessBase"]
[SourceDate "2023.10.10"]
[SourceVersion "1"]
[SourceVersionDate "2023.10.10"]
[SourceQuality "1"]

1. d4 Nf6 2. c4 g6 3. Nc3 Bg7 4. Nf3 0-0 5. e4 d6 6. h3 e5 7. Be3 exd4 8. Nxd4 Re8 9. Bd3 Na6 10. 0-0 Nc5 11. Qc2 c6 12. Bg5 Nxd3 13. Qxd3 Qb6 14. Nb3 Rd8 15. Qf3 Be6 16. Rfd1 Bxc4 17. Bxf6 Bxb3 18. Bxd8 Bxd1 19. Qxf7+ Kxf7 20. Bxb6 axb6 21. Rxd1 Bxc3 22. bxc3 Ke6 23. Rd2 Ra3 24. Rc2 Ke5 25. f3 d5 26. exd5 cxd5 27. Kf2 1/2-1/2